| 000 | 01002nam a2200265 a 4500 | ||
|---|---|---|---|
| 001 | 000044575 | ||
| 005 | 20251120073733.0 | ||
| 008 | 140717s1983 dr a 000 0 spa d | ||
| 040 |
_aDO-SdBNP _bspa _cBNPHU |
||
| 082 |
_a338.9 _bA367t, 1983 |
||
| 100 | 1 |
_aAlemán, José Luis, _97046 |
|
| 245 | 1 | 0 |
_aTeoría económica del desarrollo y del subdesarrollo / _cJosé Luis Alemán ; prólogo Bernardo Vega. |
| 250 | _a2a ed. | ||
| 260 |
_aSantiago, República Dominicana : _bUCMM, _c1983. |
||
| 300 |
_a271 p. : _bil. ; _c22 cm. |
||
| 490 | 1 |
_aEstudios ; _v39 |
|
| 500 | _aIncluye datos biográficos del autor en la solapa de la contracubierta | ||
| 590 | _aInventariado, 2018/BT | ||
| 650 | 0 |
_aDesarrollo económico _985548 |
|
| 651 | 4 |
_aPaíses En Desarrollo _xCondiciones Económicas _99540 |
|
| 700 | 1 | 2 |
_aVega, Bernardo, _d1938 - _epról. _93222 |
| 710 | 2 | 2 |
_aPontificia Universidad Católica Madre y Maestra _9843 |
| 830 | 0 |
_aEstudios ; _v39 _93854 |
|
| 910 | _aValidado. Control de calidad. MFF | ||
| 999 |
_c44064 _d44064 |
||